00546 2200181 4500001002100000005001700021008004100038035002400079082001100103090002000114100001300134245007000147260004400217300003400261504002600295650002500321990001800346YOGYA-0313000000010920130304141958.0 ind  0010-031300000000109 a384.55 aSK 384.55 Mus M aMUSTHOFA aMuatan moral pada tayangan "Empat Mata" di trans 7cOleh Musthofa aYogyakarta:bUIN' Sunan Kalijaga,c2007 a78 lbr.:bIlus., lamp.; 29 cm aBibliografi : lbr. 66 aTelevisi - penyiaran a44592-PD/A.12